All the FIFA World Cup Runners-Up - Statistics

General Stats
  • This quiz has been taken 71 times
  • The average score is 20 of 22
Answer Stats
Year Winner % Correct
1930 Argentina
100%
1990 Argentina
100%
2014 Argentina
100%
1950 Brazil
97%
1998 Brazil
97%
2006 France
95%
2022 France
95%
1970 Italy
95%
1994 Italy
95%
1966 Germany
93%
1982 Germany
93%
1986 Germany
93%
2002 Germany
93%
1974 The Netherlands
93%
1978 The Netherlands
93%
2010 The Netherlands
93%
2018 Croatia
92%
1958 Sweden
76%
1938 Hungary
73%
1954 Hungary
73%
1934 Czechoslovakia
63%
1962 Czechoslovakia
63%
No matching quizzes found
Score Distribution
Percent of People with Each Score
Percentile by Number Answered
Your Score History
You have not taken this quiz